| 000 | 00720nam a22002177a 4500 | ||
|---|---|---|---|
| 005 | 20180115132612.0 | ||
| 010 | _aENG-121559 | ||
| 020 |
_a9789380607078 _c950.00 |
||
| 035 | _aEN-105091 | ||
| 037 | _bDBAD/PUB | ||
| 082 | _a914.210481 | ||
| 100 | _aKhan, Syed Ahmed | ||
| 245 |
_aA voyage to modernism / _cby Syed Ahmed Khan, translated and edited by Mushirul Hasan; Nishat Zaidi |
||
| 260 |
_aDelhi _bPrimus Books _c2011 |
||
| 270 |
_aAn Imprint of Ratna Sagar P.Ltd. Virat Bhavan, Mukherjee Nagar Commercial Complex, _bDelhi _e110009 |
||
| 300 |
_a252p. _c23cm(Hb) |
||
| 500 | _aIncludes index. | ||
| 700 | _aHasan, Mushirul | ||
| 700 | _aZaidi, Nishat | ||
| 942 |
_2ddc _cEN _h914.210481 _mKHA |
||
| 999 |
_c80923 _d80923 |
||